المدونة الكبرى / (Record no. 26135)
[ view plain ]
| 000 -الفاتح | |
|---|---|
| حقل البيانات ثابتة الطول | 00709nam a22002175a 4500 |
| 003 - محدد رقم الضبط | |
| رقم الضبط | OSt |
| 005 - وقت وتاريخ اخر تعامل مع التسجيلة | |
| رقم الضبط | 20180211153329.0 |
| 008 - عناصر البيانات ثابتة الطول - معلومات عامة | |
| حقل البيانات ثابتة الطول | 180211s1978 le grb 001 0 ara d |
| 040 ## - مصدر الفهرسة | |
| وكالة الفهرسة الأصلية | EG-ScBUE |
| لغة الفهرسة | ara |
| وكالة النسخ | EG-ScBUE |
| 082 04 - رقم تصنيف ديوى العشرى | |
| رقم التصنيف | 297.14 |
| رقم المادة | م ا ل |
| رقم الطبعة | 22 |
| 100 1# - المدخل الرئيسى - إسم شخصى | |
| الإسم الشخصى | مالك بن أنس، |
| التواريخ المصاحبة للاسم | -795. |
| 245 12 - بيان العنوان | |
| العنوان | المدونة الكبرى / |
| بيان المسئوليه,etc | مالك بن أنس الأصبحي. |
| 260 ## - PUBLICATION, DISTRIBUTION, ETC. (IMPRINT) | |
| مكان الناشر او الموزع | بيروت : |
| اسم الناشر او الموزع | دار الفكر، |
| تاريخ النشر أو التوزيع | 1978. |
| 300 ## - الوصف المادى | |
| التعداد | 4 مج. ؛ |
| أبعاد الوعاء | 28 سم. |
| 500 ## - تبصرة عامة | |
| تبصرة عامة | يشتمل على كشافات. |
| 504 ## - تبصرة ببليوجرافية | |
| تبصرة ببليوجرافية,الخ | يشتمل على إرجاعات ببليوجرافية. |
| 650 #7 - المدخل الاضافى بالموضوع-مصطلح موضوعى | |
| مصطلح موضوعي أو اسم جغرافي كعنصر مدخل | الفقه المالكي. |
| مصدر الرأس أو المصطلح | BUEsh |
| 9 (RLIN) | 26481 |
| 651 ## - المدخل الاضافى بالموضوع - اسم جغرافى | |
| مصدر الرأس أو المصطلح | BUEsh |
| 653 ## - مصطلح تكشيفى غير مقيد | |
| Resource For college | Generalities |
| Arrived date list | February2018 |
| 942 ## - عناصر المدخل الإضافي( كوها) | |
| مصدر التصنيف او مخطط الترفيف | Dewey Decimal Classification |
| حالة التراجع | حالة الفقد | مصدر التصنيف او خطة الترفيف | حالة تلف | ليس للاعارة | المكان الدائم | المكان الحالي | موقع الترفيف | تاريخ الاكتساب | رقم الاستدعاء | الباركود | Date last seen | نوع الوعاء | تبصرة عامة |
|---|---|---|---|---|---|---|---|---|---|---|---|---|---|
| Dewey Decimal Classification | Central Library | Central Library | Lower Floor | 11/02/2018 | 297.14 م ا ل | 000042945 | 15/07/2025 | Book - Borrowing | مج. 1. | ||||
| Dewey Decimal Classification | Central Library | Central Library | Lower Floor | 11/02/2018 | 297.14 م ا ل | 000042946 | 15/07/2025 | Book - Borrowing | مج. 2. | ||||
| Dewey Decimal Classification | Central Library | Central Library | Lower Floor | 11/02/2018 | 297.14 م ا ل | 000042947 | 15/07/2025 | Book - Borrowing | مج. 3. | ||||
| Dewey Decimal Classification | Central Library | Central Library | Lower Floor | 11/02/2018 | 297.14 م ا ل | 000042948 | 15/07/2025 | Book - Borrowing | مج. 4. |